| 000 | 00544nam a2200193Ia 4500 | ||
|---|---|---|---|
| 005 | 20250508151658.0 | ||
| 008 | 008 250505s9999 xx 000 0 eng d | ||
| 037 | _aReference | ||
| 040 |
_aFEDL _beng _cFEDL |
||
| 041 |
_aeng _2eng |
||
| 084 |
_a603, CHA _qFEDL |
||
| 100 |
_aTweney C F Ed. _9759725 |
||
| 245 | 0 | _aChambers's technical dictionary | |
| 260 |
_aLondon, UK _bW. & R. Chambers Limited _c1954 |
||
| 300 | _avi,979p. | ||
| 700 |
_a Hughes L E C Ed. _9759726 |
||
| 942 |
_cREF _h603, CHA |
||
| 999 |
_c1331392 _d1331392 |
||